| 000 | 00433nam a22001697a 4500 | ||
|---|---|---|---|
| 005 | 20180710111357.0 | ||
| 008 | 160525b xxu||||| |||| 00| 0 eng d | ||
| 020 | _a978-81-312-2294-2 | ||
| 041 | _aeng | ||
| 082 |
_b4834 _a658.15 |
||
| 100 |
_aNeftci, Salih N. _91211 |
||
| 245 | _aPrinciples Financial Engineering | ||
| 260 |
_aNew Delhi _bAcademic Faundation _c2009 |
||
| 300 | _a661p, | ||
| 650 |
_aManagement _9241 |
||
| 942 | _cBK | ||
| 999 |
_c1663 _d1662 |
||